[Event "Ufa-ch"]
[Site "Ufa"]
[Date "2015.01.09"]
[Round "9"]
[White "Garifullin, Ildar"]
[Black "Mukhutdinov, Tigran"]
[Result "1-0"]
[WhiteElo "1984"]
[BlackElo "1627"]
[PlyCount "149"]
[EventDate "2015.01.05"]
[EventType "tourn"]
[EventRounds "10"]
[EventCountry "RUS"]
[SourceTitle "CBM 164 Extra"]
[Source "ChessBase"]
[SourceDate "2015.03.02"]
[SourceVersion "1"]
[SourceVersionDate "2015.03.02"]
[SourceQuality "1"]

1. e4 e5 2. Nf3 Nc6 3. Nc3 Nf6 4. Be2 Be7 5. d4 d6 6. h3 Bd7 7. 0-0 0-0 8. Be3 Re8 9. a4 Bf8 10. d5 Ne7 11. a5 h6 12. Nd2 Ng6 13. Na4 c6 14. c4 c5 15. b4 b6 16. Qb3 Qc7 17. Rfb1 Reb8 18. a6 Bc8 19. Nc3 Nd7 20. Nb5 Qd8 21. bxc5 bxc5 22. Qa4 Rb6 23. Qa5 Bxa6 24. Rb3 Be7 25. Rba3 Qc8 26. Bg4 Bd8 27. Qa4 Ngf8 28. f4 Qb8 29. Nc3 Bc8 30. f5 Rb4 31. Qd1 a6 32. Be2 Bb7 33. Nb3 Qc7 34. Na2 Rb6 35. Bd2 a5 36. Bxa5 Qc8 37. Nc3 Rba6 38. Nb5 Qb8 39. R1a2 Bxa5 40. Nxa5 Rb6 41. Qa1 Raa6 42. Nc6 Rxc6 43. dxc6 Rxc6 44. Nc3 Nf6 45. Rb2 Qc8 46. Qb1 Rc7 47. Bf3 Bc6 48. Rb8 Qd7 49. Nb5 Rb7 50. Rxb7 Qxb7 51. Ra7 Qb6 52. Ra1 Qb8 53. Qd3 Ne8 54. Rb1 Nd7 55. Nd4 Qc7 56. Nxc6 Qxc6 57. Qb3 Nef6 58. Qb5 Qa8 59. Rd1 Qa7 60. Rxd6 Kh7 61. Ra6 Qc7 62. Qc6 Qb8 63. Qb5 Qc7 64. Kh2 Nb8 65. Rb6 Nbd7 66. Qc6 Qd8 67. Rb1 Qa5 68. Rd1 Qa7 69. Qc8 Qa4 70. Qd8 Qc6 71. Qe7 Kg8 72. Bh5 Nxh5 73. Rxd7 Qf6 74. Rd8+ Kh7 75. Qf8 1-0

[Event "Ufa-ch"]
[Site "Ufa"]
[Date "2015.01.07"]
[Round "5"]
[White "Mukhutdinov, Tigran"]
[Black "Garifullin, Ildar"]
[Result "1/2-1/2"]
[WhiteElo "1627"]
[BlackElo "1984"]
[PlyCount "108"]
[EventDate "2015.01.05"]
[EventType "tourn"]
[EventRounds "10"]
[EventCountry "RUS"]
[SourceTitle "CBM 164 Extra"]
[Source "ChessBase"]
[SourceDate "2015.03.02"]
[SourceVersion "1"]
[SourceVersionDate "2015.03.02"]
[SourceQuality "1"]

1. e4 e6 2. d4 d5 3. Nc3 Nf6 4. e5 Nfd7 5. f4 c5 6. Nf3 Nc6 7. Be3 cxd4 8. Nxd4 Bc5 9. Be2 Bxd4 10. Bxd4 Nxd4 11. Qxd4 Qb6 12. Nb5 Qxd4 13. Nxd4 Ke7 14. Bb5 Nc5 15. 0-0-0 a6 16. Bd3 Bd7 17. Rhe1 h5 18. h4 Raf8 19. Re3 Rh6 20. Rg3 Rg8 21. c3 f6 22. Bc2 fxe5 23. fxe5 Ba4 24. b3 Be8 25. Rf1 Nd7 26. Rg5 Bf7 27. Kd2 g6 28. Ke3 Rh7 29. Nf3 Rhg7 30. g4 Be8 31. Rg1 hxg4 32. R5xg4 Rf8 33. Rg5 Rgf7 34. R1g3 Rf4 35. Bd3 Kd8 36. Bc2 Ke7 37. Rh3 Kd8 38. Nd4 Ke7 39. Nf3 Kd8 40. Kf2 Nc5 41. Ke3 Ne4 42. Bxe4 Rxe4+ 43. Kf2 d4 44. cxd4 Rxd4 45. Ke3 Rd1 46. Rhg3 Ra1 47. a4 Ke7 48. Rg1 Ra3 49. Nd4 Bxa4 50. Rb1 Be8 51. Rc1 Kd7 52. Rd1 Ke7 53. Rc1 Kd7 54. Rd1 Ke7 1/2-1/2

[Event "Ufa-ch"]
[Site "Ufa"]
[Date "2015.01.05"]
[Round "1"]
[White "Garifullin, Ildar"]
[Black "Litvinov, Maxim"]
[Result "1/2-1/2"]
[WhiteElo "1984"]
[BlackElo "2024"]
[PlyCount "140"]
[EventDate "2015.01.05"]
[EventType "tourn"]
[EventRounds "10"]
[EventCountry "RUS"]
[SourceTitle "CBM 164 Extra"]
[Source "ChessBase"]
[SourceDate "2015.03.02"]
[SourceVersion "1"]
[SourceVersionDate "2015.03.02"]
[SourceQuality "1"]

1. e4 e5 2. Nf3 Nc6 3. Bc4 Bc5 4. b4 Bxb4 5. c3 Ba5 6. d4 Qe7 7. 0-0 Bb6 8. Bb5 exd4 9. cxd4 Qb4 10. Bxc6 bxc6 11. Ba3 Qa5 12. Qb3 d6 13. Bb4 Qh5 14. Nbd2 Ne7 15. e5 c5 16. dxc5 dxc5 17. Bxc5 Qg6 18. Qa3 Bxc5 19. Qxc5 Qb6 20. Rac1 Qxc5 21. Rxc5 c6 22. Nd4 Bd7 23. Rb1 0-0 24. Rb7 Rfd8 25. h3 a6 26. N2b3 Rab8 27. Ra7 Ra8 28. Rxa8 Rxa8 29. Ra5 Bc8 30. Rc5 Bd7 31. Na5 Rc8 32. a4 Kf8 33. Nc4 Rb8 34. a5 Rb1+ 35. Kh2 Rd1 36. Nc2 Nd5 37. N2e3 Nxe3 38. Nxe3 Rb1 39. Kg3 Ke7 40. Kf4 Rb4+ 41. Rc4 Rb5 42. Nf5+ Bxf5 43. Kxf5 f6 44. f4 c5 45. Ra4 g6+ 46. Ke4 Ke6 47. exf6 Kxf6 48. Kd5 h5 49. g4 Rb3 50. gxh5 gxh5 51. h4 Rb5 52. Re4 Kf5 53. Re5+ Kxf4 54. Re6 Rxa5 55. Rg6 Rb5 56. Rxa6 Kg4 57. Kc4 Rb8 58. Kxc5 Kxh4 59. Kd4 Re8 60. Rg6 Kh3 61. Kd3 h4 62. Kd2 Kh2 63. Rg7 h3 64. Rg6 Kh1 65. Rg3 h2 66. Rg7 Ra8 67. Ke2 Ra1 68. Kf2 Rg1 69. Rh7 Rg8 70. Rf7 Ra8 1/2-1/2

[Event "Samara Polugaevsky Memorial 4th"]
[Site "Samara"]
[Date "2014.07.09"]
[Round "8"]
[White "Garifullin, Ildar"]
[Black "Nesytov, Artyom"]
[Result "1-0"]
[WhiteElo "2092"]
[BlackElo "1883"]
[PlyCount "81"]
[EventDate "2014.07.02"]
[EventType "swiss"]
[EventRounds "9"]
[EventCountry "RUS"]
[SourceTitle "CBM 161 Extra"]
[Source "ChessBase"]
[SourceDate "2014.08.29"]
[SourceVersion "1"]
[SourceVersionDate "2014.08.29"]
[SourceQuality "1"]

1. e4 c5 2. Nc3 e6 3. g3 d5 4. exd5 exd5 5. d3 Nf6 6. Bg5 Be7 7. Bg2 d4 8. Bxf6 Bxf6 9. Ne4 Qa5+ 10. Nd2 0-0 11. Ne2 Nc6 12. 0-0 Ne5 13. h3 Qc7 14. Ne4 Be7 15. Nf4 Rd8 16. Re1 c4 17. dxc4 Nxc4 18. Qh5 Nb6 19. c4 g6 20. Qh6 Bf5 21. c5 Nc4 22. Ng5 Bxg5 23. Qxg5 Qxc5 24. g4 h6 25. Qxh6 Bc2 26. b4 Qf8 27. Qg5 d3 28. Nxg6 fxg6 29. Re7 Qxe7 30. Qxe7 d2 31. Qe6+ Kh7 32. Qxc4 d1Q+ 33. Rxd1 Bxd1 34. Qf7+ Kh6 35. Be4 Rg8 36. Qf4+ Kh7 37. Qf7+ Kh6 38. Qf4+ Kh7 39. h4 Raf8 40. Qg5 Bf3 41. Qh5+ 1-0

[Event "Samara Polugaevsky Memorial 4th"]
[Site "Samara"]
[Date "2014.07.02"]
[Round "1"]
[White "Rozum, Ivan"]
[Black "Garifullin, Ildar"]
[Result "1/2-1/2"]
[WhiteElo "2553"]
[BlackElo "2092"]
[PlyCount "103"]
[EventDate "2014.07.02"]
[EventType "swiss"]
[EventRounds "9"]
[EventCountry "RUS"]
[SourceTitle "CBM 161 Extra"]
[Source "ChessBase"]
[SourceDate "2014.08.29"]
[SourceVersion "1"]
[SourceVersionDate "2014.08.29"]
[SourceQuality "1"]

1. d4 d5 2. Nf3 Nc6 3. c4 Bg4 4. Nc3 e6 5. cxd5 exd5 6. Bf4 Bxf3 7. gxf3 Bd6 8. Bg3 Nge7 9. e3 0-0 10. a3 f5 11. Bxd6 Qxd6 12. f4 a6 13. Qb3 Nd8 14. Be2 Ne6 15. Qb4 Qd7 16. Bf3 c6 17. Na4 Nc8 18. Nc5 Nxc5 19. dxc5 b6 20. Rc1 b5 21. Qd4 Qe6 22. Rg1 Ra7 23. a4 Qf6 24. Qxf6 Rxf6 25. h4 Rf8 26. Ra1 Rff7 27. Be2 Rfb7 28. Bd3 Ne7 29. axb5 axb5 30. Kd2 Kf7 31. Kc3 Kf6 32. Bc2 Ng6 33. h5 Nf8 34. Kb4 Ne6 35. Rgc1 Nc7 36. Rxa7 Rxa7 37. Kc3 g6 38. hxg6 hxg6 39. Rh1 Ne6 40. b4 Kg7 41. Bb3 Ra8 42. f3 Kf6 43. Rd1 Rh8 44. Ra1 Rh3 45. Bd1 Rh1 46. Kd2 Rh2+ 47. Be2 d4 48. Ra6 dxe3+ 49. Kxe3 Ke7 50. Ra7+ Kd8 51. Ra8+ Ke7 52. Ra7+ 1/2-1/2

[Event "Ufa Winter Cup City"]
[Site "Ufa"]
[Date "2013.12.17"]
[Round "4.4"]
[White "Ishkinin, Robert"]
[Black "Garifullin, Ildar"]
[Result "0-1"]
[WhiteElo "1622"]
[BlackElo "1984"]
[PlyCount "104"]
[EventDate "2013.12.14"]
[EventType "tourn"]
[EventRounds "9"]
[EventCountry "RUS"]
[SourceTitle "EXT 2022"]
[Source "ChessBase"]
[SourceDate "2021.10.06"]
[SourceVersion "1"]
[SourceVersionDate "2021.10.06"]
[SourceQuality "1"]

1. e4 g6 2. d4 Bg7 3. Nf3 d6 4. Nc3 Nd7 5. Be3 c6 6. Bc4 d5 7. Bd3 dxe4 8. Nxe4 Ngf6 9. 0-0 0-0 10. Qd2 Ng4 11. Bg5 h6 12. h3 hxg5 13. hxg4 Nf6 14. Qxg5 Nxg4 15. Qh4 Bh6 16. Nh2 Nxh2 17. Qxh2 Kg7 18. Qe5+ f6 19. Qg3 Bf5 20. Nc5 Qc8 21. Rfe1 Re8 22. Ne6+ Kh7 23. Bxf5 gxf5 24. Nc7 Qd7 25. Nxa8 Rxa8 26. Re2 Rg8 27. Qh3 Rg5 28. Rae1 Kg6 29. Re4 Qd6 30. Rxe7 Qxd4 31. Qb3 Bg7 32. Qf7+ Kh6 33. R7e3 Qh4 34. Qb3 Qd4 35. Rh3+ Kg6 36. Qe6 f4 37. Qe4+ Qxe4 38. Rxe4 f5 39. Rxf4 Bxb2 40. Rb4 Be5 41. Rxb7 Rg4 42. Rxa7 Rc4 43. c3 Bxc3 44. Rb7 Bd4 45. Rb1 Rc2 46. a4 Rxf2 47. Kh1 Ra2 48. Rg3+ Kf6 49. Rh3 Rxa4 50. Rh6+ Kg5 51. Rxc6 Ra7 52. Rd6 Rh7+ 0-1

[Event "Ufa Winter Cup City"]
[Site "Ufa"]
[Date "2013.12.15"]
[Round "2.3"]
[White "Avkhadiev, Airat"]
[Black "Garifullin, Ildar"]
[Result "0-1"]
[WhiteElo "1874"]
[BlackElo "1984"]
[PlyCount "118"]
[EventDate "2013.12.14"]
[EventType "tourn"]
[EventRounds "9"]
[EventCountry "RUS"]
[SourceTitle "EXT 2022"]
[Source "ChessBase"]
[SourceDate "2021.10.06"]
[SourceVersion "1"]
[SourceVersionDate "2021.10.06"]
[SourceQuality "1"]

1. Nf3 Nc6 2. c4 e5 3. Nc3 g6 4. g3 Bg7 5. Bg2 Nge7 6. d3 0-0 7. 0-0 d6 8. Bg5 h6 9. Be3 Be6 10. a3 f5 11. Qc1 g5 12. Bd2 f4 13. Rb1 Ng6 14. b4 Qd7 15. b5 Nce7 16. Rd1 Bh3 17. Bh1 Nf5 18. Ne1 Kh8 19. Nc2 Rf6 20. Bxb7 Raf8 21. Ne4 R6f7 22. Bd5 Re7 23. a4 Nfh4 24. Ne1 Nf5 25. Bc3 Bf6 26. Qd2 Rg7 27. Nxf6 Rxf6 28. Bg2 Bxg2 29. Nxg2 Ngh4 30. d4 fxg3 31. hxg3 Nxg3 32. fxg3 Qh3 33. gxh4 gxh4 34. e3 Rfg6 35. Rb2 Rxg2+ 36. Qxg2 Rxg2+ 37. Rxg2 Qxe3+ 38. Kh2 Qxc3 39. Rdg1 Qxc4 40. dxe5 dxe5 41. Rg4 Qf7 42. Kh3 h5 43. Rxh4 Qf5+ 44. Kg2 e4 45. Rgh1 Qf3+ 46. Kg1 e3 47. Rxh5+ Kg8 48. Rh8+ Kf7 49. R1h7+ Ke6 50. Re8+ Kd6 51. Rd8+ Kc5 52. Rxc7+ Kb4 53. Rd4+ Kb3 54. Rd3+ Kb2 55. Rcc3 Qf2+ 56. Kh1 Qe1+ 57. Kg2 Qxc3 58. Rxc3 Kxc3 59. a5 e2 0-1

[Event "Ufa SFGU Cup tt"]
[Site "Ufa"]
[Date "2012.12.03"]
[Round "1"]
[White "Garifullin, Ildar"]
[Black "Nikolin, Sergey"]
[Result "1-0"]
[WhiteElo "1948"]
[BlackElo "1702"]
[PlyCount "63"]
[EventDate "2012.12.03"]
[EventType "team-swiss"]
[EventRounds "7"]
[EventCountry "RUS"]
[SourceTitle "CBM 152 Extra"]
[Source "ChessBase"]
[SourceDate "2013.02.25"]
[SourceVersion "1"]
[SourceVersionDate "2013.02.25"]
[SourceQuality "1"]

1. e4 e5 2. Nf3 Nc6 3. Bc4 Nf6 4. Ng5 d5 5. exd5 Nxd5 6. d4 f6 7. dxe5 fxg5 8. Qxd5 Qxd5 9. Bxd5 Nd4 10. Be4 Bf5 11. Bxf5 Nxf5 12. Bxg5 h6 13. Bd2 0-0-0 14. Nc3 Bb4 15. 0-0-0 Nd4 16. Be3 Bxc3 17. bxc3 Nc6 18. f4 a6 19. Rd3 Ne7 20. Rhd1 Rhf8 21. Bc5 Ng6 22. Bxf8 Rxf8 23. g3 Ne7 24. Rd7 Nf5 25. e6 Re8 26. Rf7 Nd6 27. Rxd6 cxd6 28. f5 Kd8 29. Rxg7 Re7 30. Rxe7 Kxe7 31. g4 Kf6 32. h4 1-0

[Event "Ufa-ch"]
[Site "Ufa"]
[Date "2012.11.26"]
[Round "8"]
[White "Idrisova, Roza"]
[Black "Garifullin, Ildar"]
[Result "1-0"]
[WhiteElo "2128"]
[BlackElo "1948"]
[PlyCount "143"]
[EventDate "2012.11.19"]
[EventType "tourn"]
[EventRounds "9"]
[EventCountry "RUS"]
[SourceTitle "CBM 151 Extra"]
[Source "ChessBase"]
[SourceDate "2012.12.18"]
[SourceVersion "1"]
[SourceVersionDate "2012.12.18"]
[SourceQuality "1"]

1. d4 d5 2. c4 Nc6 3. Nf3 Bg4 4. cxd5 Bxf3 5. dxc6 Bxc6 6. Nc3 Nf6 7. f3 e6 8. e4 Be7 9. Be3 b6 10. Ba6 0-0 11. 0-0 Ne8 12. d5 exd5 13. exd5 Bd7 14. Rc1 Nd6 15. Ne4 Bc8 16. Bxc8 Rxc8 17. Qd2 h6 18. Rc6 Re8 19. Rfc1 Qd7 20. b4 Bf8 21. Ng3 Nf5 22. Bf4 Ne7 23. Rxc7 Rxc7 24. Rxc7 Qxd5 25. Rxa7 Qxd2 26. Bxd2 Nc6 27. Rb7 Nxb4 28. Kf1 Nd5 29. Ne4 f5 30. Nc3 Nxc3 31. Bxc3 Rc8 32. Be5 Rc5 33. Bd4 Rc1+ 34. Kf2 Rc2+ 35. Kg3 Rxa2 36. Rxb6 Ra4 37. Be5 Ra7 38. h4 h5 39. Kf4 Be7 40. Kxf5 Kh7 41. g3 Bc5 42. Rc6 Bf8 43. Kg5 Ra3 44. Kf4 Ra4+ 45. Kf5 Ra3 46. Rc3 Rxc3 47. Bxc3 Be7 48. Ke6 Bd8 49. Kf7 g6 50. Bf6 Bb6 51. g4 hxg4 52. fxg4 Kh6 53. h5 g5 54. Bg7+ Kh7 55. Bf8 Be3 56. Kf6 Bc1 57. Kf5 Bd2 58. Ke4 Bf4 59. Kf3 Bc1 60. Kf2 Bf4 61. Ke2 Bc1 62. Kd3 Bf4 63. Ke4 Bc1 64. Bc5 Kh6 65. Be3 Ba3 66. Kf5 Be7 67. Ke6 Bd8 68. Kf7 Ba5 69. Ke7 Bc7 70. Kf7 Bf4 71. Bc5 Bc1 72. Kg8 1-0

[Event "Ufa-ch"]
[Site "Ufa"]
[Date "2012.11.23"]
[Round "5"]
[White "Garifullin, Ildar"]
[Black "Kalegin, Evgenij"]
[Result "0-1"]
[WhiteElo "1948"]
[BlackElo "2467"]
[PlyCount "146"]
[EventDate "2012.11.19"]
[EventType "tourn"]
[EventRounds "9"]
[EventCountry "RUS"]
[SourceTitle "CBM 151 Extra"]
[Source "ChessBase"]
[SourceDate "2012.12.18"]
[SourceVersion "1"]
[SourceVersionDate "2012.12.18"]
[SourceQuality "1"]

1. e4 c5 2. Nc3 a6 3. g3 b5 4. Bg2 Bb7 5. d3 e6 6. f4 d5 7. Nf3 d4 8. Ne2 Nc6 9. 0-0 Nf6 10. h3 h5 11. Bd2 Qb6 12. Ng5 Be7 13. b3 Rd8 14. f5 e5 15. Nf3 Rc8 16. a4 Qc7 17. Qb1 bxa4 18. Rxa4 Nb4 19. Bxb4 cxb4 20. Ra2 Ra8 21. Nd2 Bc6 22. Nc4 Bb5 23. Kh1 Nd7 24. Qc1 Nc5 25. Qd2 Rb8 26. Ng1 Bxc4 27. dxc4 d3 28. cxd3 Nxb3 29. Qb2 Nc5 30. d4 b3 31. Raa1 exd4 32. Qxd4 Qxg3 33. e5 Qd3 34. Qf4 b2 35. Rab1 0-0 36. Rfd1 Qc2 37. f6 Ne6 38. Qh4 Bc5 39. Be4 g5 40. Bxc2 gxh4 41. Nf3 Bf2 42. Rd2 Bg3 43. Bf5 Rb3 44. Bxe6 Rxf3 45. Bd5 Re3 46. Rdxb2 Bxe5 47. Rg2+ Kh8 48. Rg5 Rxh3+ 49. Kg2 Rg3+ 50. Rxg3 hxg3 51. Rh1 Bxf6 52. Rxh5+ Kg7 53. Bb7 Re8 54. Kxg3 Be5+ 55. Kf3 a5 56. Bc6 Re7 57. Rh1 f5 58. Rb1 Kf6 59. Ba4 Bd4 60. Rd1 Re3+ 61. Kf4 Re4+ 62. Kf3 Bc3 63. Bb5 Bb4 64. Rd5 Re5 65. Rd8 Bc5 66. Rd3 Kg5 67. Bc6 f4 68. Rd8 Re3+ 69. Kg2 Rg3+ 70. Kf1 Kf6 71. Ra8 f3 72. Bxf3 Rxf3+ 73. Ke2 Ra3 0-1

[Event "Ufa Young Cup"]
[Site "Ufa"]
[Date "2012.10.13"]
[Round "9.4"]
[White "Garifullin, Ildar"]
[Black "Trushkin, Igor"]
[Result "0-1"]
[WhiteElo "1984"]
[BlackElo "1963"]
[PlyCount "30"]
[EventDate "2012.10.09"]
[EventType "swiss"]
[EventRounds "9"]
[EventCountry "RUS"]
[SourceTitle "EXT 2022"]
[Source "ChessBase"]
[SourceDate "2021.10.06"]
[SourceVersion "1"]
[SourceVersionDate "2021.10.06"]
[SourceQuality "1"]

1. e4 c5 2. Nc3 Nc6 3. g3 g6 4. Bg2 Bg7 5. d3 e5 6. Be3 d6 7. Qd2 Nge7 8. Bh6 0-0 9. h4 f6 10. h5 Bxh6 11. Qxh6 g5 12. Nd5 Nxd5 13. exd5 Nd4 14. Be4 f5 15. Nf3 fxe4 0-1

[Event "Ufa Young Cup"]
[Site "Ufa"]
[Date "2012.10.10"]
[Round "4.2"]
[White "Zelenov, Aleksey"]
[Black "Garifullin, Ildar"]
[Result "0-1"]
[WhiteElo "1658"]
[BlackElo "1948"]
[PlyCount "66"]
[EventDate "2012.10.09"]
[EventType "swiss"]
[EventRounds "9"]
[EventCountry "RUS"]
[SourceTitle "EXT 2022"]
[Source "ChessBase"]
[SourceDate "2021.10.06"]
[SourceVersion "1"]
[SourceVersionDate "2021.10.06"]
[SourceQuality "1"]

1. e4 e6 2. d4 d5 3. exd5 Qxd5 4. c4 Qd8 5. Nf3 c5 6. Be2 Nf6 7. 0-0 Nc6 8. dxc5 Qxd1 9. Rxd1 Ne4 10. Be3 Nb4 11. Na3 Bd7 12. Rd4 Nxc5 13. Rad1 Be7 14. Ne5 Bc6 15. Nxc6 Nxc6 16. R4d2 Ne4 17. Rd7 Bxa3 18. bxa3 Nc3 19. Bf3 Nxd1 20. Rxd1 Rd8 21. Rb1 Rd7 22. Bc5 Kd8 23. Bxc6 bxc6 24. Bxa7 Ke7 25. Bc5+ Kf6 26. f3 Rhd8 27. Kf2 Rd2+ 28. Kg3 Rc2 29. Rb7 Rdd2 30. Be7+ Kf5 31. Kh4 Rxg2 32. h3 Rxc4+ 33. Kh5 Rg6 0-1

[Event "Ufa Young Cup"]
[Site "Ufa"]
[Date "2012.10.09"]
[Round "1.3"]
[White "Garifullin, Ildar"]
[Black "Valiev, Rishat"]
[Result "1-0"]
[WhiteElo "1948"]
[BlackElo "1552"]
[PlyCount "71"]
[EventDate "2012.10.09"]
[EventType "swiss"]
[EventRounds "9"]
[EventCountry "RUS"]
[SourceTitle "EXT 2022"]
[Source "ChessBase"]
[SourceDate "2021.10.06"]
[SourceVersion "1"]
[SourceVersionDate "2021.10.06"]
[SourceQuality "1"]

1. e4 e5 2. Nf3 Nc6 3. Bc4 Bc5 4. b4 Bxb4 5. c3 Bc5 6. d4 exd4 7. 0-0 Nge7 8. cxd4 Bb4 9. Ng5 d5 10. exd5 Nxd5 11. Qf3 Be6 12. Nxe6 fxe6 13. Qg4 Qf6 14. a3 Ba5 15. Bg5 Qg6 16. Bxd5 exd5 17. Qe2+ Qe4 18. Qb5 Rb8 19. Bd2 Bxd2 20. Nxd2 Qxd4 21. Rfe1+ Kf7 22. Nf3 Qc4 23. Qb2 Rhf8 24. Rac1 Qf4 25. Qb3 Rfd8 26. g3 Qf6 27. Rc5 Qd6 28. Ng5+ Kg8 29. Qd3 g6 30. Re6 Qf8 31. Rxd5 Ne7 32. Rd7 Nc6 33. Rxg6+ hxg6 34. Qxg6+ Qg7 35. Rxg7+ Kf8 36. Ne6# 1-0

[Event "Anapa op"]
[Site "Anapa"]
[Date "2012.09.06"]
[Round "7"]
[White "Garifullin, Ildar"]
[Black "Vikulin, Alexander A"]
[Result "0-1"]
[WhiteElo "2006"]
[BlackElo "1768"]
[PlyCount "92"]
[EventDate "2012.08.30"]
[EventType "swiss"]
[EventRounds "9"]
[EventCountry "RUS"]
[SourceTitle "CBM 150 Extra"]
[Source "ChessBase"]
[SourceDate "2012.10.19"]
[SourceVersion "1"]
[SourceVersionDate "2012.10.19"]
[SourceQuality "1"]

1. e4 d6 2. Nc3 g6 3. g3 Nd7 4. Bg2 e5 5. Nge2 Bg7 6. 0-0 Ngf6 7. f4 c5 8. d3 Rb8 9. Qe1 b5 10. h3 b4 11. Nd1 Nb6 12. g4 h5 13. g5 Nh7 14. Qg3 exf4 15. Bxf4 Na4 16. Bxd6 Rb7 17. Be5 0-0 18. Bxg7 Kxg7 19. h4 Bg4 20. Bf3 Be6 21. b3 Nb6 22. Ne3 Qc7 23. e5 Rbb8 24. Nf4 Rbe8 25. Rae1 a5 26. Neg2 Qd7 27. Kh1 Qd4 28. Bxh5 gxh5 29. g6 Bg4 30. gxh7 Kxh7 31. Nxh5 Bxh5 32. Rf4 Rg8 33. Qh2 Qd7 34. Rf6 Nd5 35. Rd6 Qb7 36. e6 Bf3 37. Qe5 Bxg2+ 38. Kh2 Rxe6 39. Qf5+ Rgg6 40. Rdxe6 fxe6 41. Rxe6 Qc7+ 42. Re5 Kg7 43. h5 Ne7 44. Qf4 Nc6 45. Re7+ Qxe7 46. hxg6 Bd5 0-1

[Event "Anapa op"]
[Site "Anapa"]
[Date "2012.09.05"]
[Round "6"]
[White "Cheredniakova, Victoria"]
[Black "Garifullin, Ildar"]
[Result "1-0"]
[WhiteElo "1888"]
[BlackElo "2006"]
[PlyCount "93"]
[EventDate "2012.08.30"]
[EventType "swiss"]
[EventRounds "9"]
[EventCountry "RUS"]
[SourceTitle "CBM 150 Extra"]
[Source "ChessBase"]
[SourceDate "2012.10.19"]
[SourceVersion "1"]
[SourceVersionDate "2012.10.19"]
[SourceQuality "1"]

1. d4 d5 2. Nf3 Nf6 3. Bf4 e6 4. e3 c5 5. c3 Nc6 6. Bd3 Bd6 7. Bg3 0-0 8. Qc2 h6 9. Nbd2 Re8 10. Ne5 Bxe5 11. dxe5 Nd7 12. f4 Qb6 13. Bf2 Nf8 14. 0-0 Bd7 15. e4 Rac8 16. b4 Qd8 17. Bxc5 b6 18. Bxf8 Rxf8 19. Qb3 Ne7 20. Ba6 Rc7 21. c4 Bc6 22. Rfd1 Qb8 23. exd5 exd5 24. a4 Rd8 25. Nf3 b5 26. cxb5 Ba8 27. Nd4 Qb6 28. a5 Qg6 29. Qd3 Qg4 30. Qg3 Qxg3 31. hxg3 Rc4 32. Rab1 Rb8 33. Kf2 Bb7 34. Bxb7 Rxb7 35. Ke3 Rbc7 36. g4 Ng6 37. g3 Nf8 38. Nc6 Rd7 39. Rd4 Rc3+ 40. Rd3 Rxd3+ 41. Kxd3 Rb7 42. f5 g6 43. Kd4 h5 44. fxg6 Nxg6 45. gxh5 Ne7 46. Nxe7+ Rxe7 47. Kxd5 1-0

[Event "Ufa Gumerov Memorial op"]
[Site "Ufa"]
[Date "2012.08.09"]
[Round "9"]
[White "Ardashirov, Akhtjam"]
[Black "Garifullin, Ildar"]
[Result "1-0"]
[WhiteElo "1994"]
[BlackElo "1983"]
[PlyCount "117"]
[EventDate "2012.08.01"]
[EventType "swiss"]
[EventRounds "9"]
[EventCountry "RUS"]
[SourceTitle "EXT 2013"]
[Source "ChessBase"]
[SourceDate "2012.11.22"]
[SourceVersion "1"]
[SourceVersionDate "2012.11.22"]
[SourceQuality "1"]

1. d4 d5 2. Nf3 Nf6 3. c4 e6 4. Nc3 Be7 5. Bf4 0-0 6. h3 c6 7. e3 Nbd7 8. Bd3 dxc4 9. Bxc4 b5 10. Bd3 a6 11. 0-0 c5 12. Rc1 Bb7 13. Qe2 Qb6 14. Rfd1 Rac8 15. Ne5 Nxe5 16. Bxe5 cxd4 17. exd4 Qc6 18. Qf1 Qd7 19. a3 Rfd8 20. Bb1 Bd6 21. f4 Qe7 22. Qd3 g6 23. Qe3 Nd5 24. Nxd5 Bxd5 25. Qg3 Bxe5 26. dxe5 Rxc1 27. Rxc1 Qa7+ 28. Qf2 Qxf2+ 29. Kxf2 Bc4 30. Ke3 Kg7 31. Be4 h6 32. g4 f6 33. b3 Bxb3 34. Rc7+ Kf8 35. exf6 g5 36. Rh7 gxf4+ 37. Kxf4 Rd4 38. Rh8+ Kf7 39. Ke5 Rd2 40. Rh7+ Kf8 41. Bg6 Rd5+ 42. Kf4 e5+ 43. Kg3 Rd6 44. Rh8+ Bg8 45. Bh7 Rxf6 46. Rxg8+ Kf7 47. Ra8 Rc6 48. Kh4 Kg7 49. Bf5 Rb6 50. Kh5 Rc6 51. Ra7+ Kh8 52. Bg6 Rc3 53. h4 Rh3 54. Rxa6 Kg7 55. Ra5 Rb3 56. Ra7+ Kf6 57. Kxh6 b4 58. axb4 Rxb4 59. g5+ 1-0

[Event "Ufa Gumerov Memorial op"]
[Site "Ufa"]
[Date "2012.08.07"]
[Round "7"]
[White "Garifullin, Ildar"]
[Black "Timofeev, Pavel"]
[Result "1-0"]
[WhiteElo "1983"]
[BlackElo "1901"]
[PlyCount "39"]
[EventDate "2012.08.01"]
[EventType "swiss"]
[EventRounds "9"]
[EventCountry "RUS"]
[SourceTitle "EXT 2013"]
[Source "ChessBase"]
[SourceDate "2012.11.22"]
[SourceVersion "1"]
[SourceVersionDate "2012.11.22"]
[SourceQuality "1"]

1. e4 e5 2. Nf3 Nc6 3. Bc4 Bc5 4. b4 Bxb4 5. c3 Ba5 6. d4 exd4 7. 0-0 dxc3 8. Qb3 Qe7 9. Nxc3 Bxc3 10. Qxc3 f6 11. e5 fxe5 12. Nxe5 Nxe5 13. Re1 d6 14. f4 Be6 15. fxe5 d5 16. Bb5+ Bd7 17. Bxd7+ Kxd7 18. e6+ Kc8 19. Ba3 Qf6 20. Rf1 1-0

[Event "Ufa Gumerov Memorial op"]
[Site "Ufa"]
[Date "2012.08.02"]
[Round "2"]
[White "Garifullin, Ildar"]
[Black "Korovin, Mikhail"]
[Result "1-0"]
[WhiteElo "1983"]
[BlackElo "2110"]
[PlyCount "63"]
[EventDate "2012.08.01"]
[EventType "swiss"]
[EventRounds "9"]
[EventCountry "RUS"]
[SourceTitle "EXT 2013"]
[Source "ChessBase"]
[SourceDate "2012.11.22"]
[SourceVersion "1"]
[SourceVersionDate "2012.11.22"]
[SourceQuality "1"]

1. e4 e6 2. d4 d5 3. exd5 exd5 4. Nf3 Bd6 5. c4 c6 6. Nc3 Ne7 7. Bd3 0-0 8. 0-0 dxc4 9. Bxc4 Nd7 10. Bg5 Nb6 11. Bb3 Bg4 12. Re1 Qc7 13. h3 Bh5 14. Rc1 a6 15. g4 Bg6 16. Ne5 Kh8 17. Bxe7 Bxe7 18. f4 f5 19. Qf3 Bh4 20. Re3 Rad8 21. Ne2 Be8 22. gxf5 Rxf5 23. Qg4 Rh5 24. Nf3 Qd7 25. Ne5 Qd6 26. Bf7 Nd5 27. Qxh5 g5 28. Bxe8 Qf6 29. Bg6 Qg7 30. Rf3 Kg8 31. Bf7+ Kf8 32. Bxd5 1-0

[Event "Sterlitamak Rochinskiy op"]
[Site "Sterlitamak"]
[Date "2012.06.28"]
[Round "7"]
[White "Fakhriev, Dim"]
[Black "Garifullin, Ildar"]
[Result "0-1"]
[WhiteElo "2150"]
[BlackElo "1948"]
[PlyCount "134"]
[EventDate "2012.06.22"]
[EventType "swiss"]
[EventRounds "9"]
[EventCountry "RUS"]
[SourceTitle "EXT 2013"]
[Source "ChessBase"]
[SourceDate "2012.11.22"]
[SourceVersion "1"]
[SourceVersionDate "2012.11.22"]
[SourceQuality "1"]

1. Nf3 d5 2. d3 g6 3. Nbd2 Bg7 4. g3 Nf6 5. Bg2 0-0 6. 0-0 c5 7. c4 Nc6 8. cxd5 Nxd5 9. a3 h6 10. Qc2 Be6 11. Qxc5 Rc8 12. Qc2 b5 13. Qd1 Nb6 14. Nb3 a5 15. Nc5 Bg4 16. Ne4 Na4 17. Rb1 Be6 18. Qe1 Ba2 19. Ra1 Bd5 20. Nc3 Bxf3 21. Bxf3 Nd4 22. Nxa4 Nc2 23. Qd1 Nxa1 24. Nc3 a4 25. Nxb5 Nb3 26. Be3 Qd7 27. Nc3 e6 28. Ne4 f5 29. Nd2 Rc1 30. Qxc1 Nxc1 31. Rxc1 Rc8 32. Nc4 g5 33. Rb1 Bd4 34. b4 Bxe3 35. fxe3 Rb8 36. Kf2 Qa7 37. Kg2 Rc8 38. b5 Qb8 39. b6 g4 40. Rb4 gxf3+ 41. Kxf3 Qb7+ 42. Kf2 Qh1 43. Rxa4 Qxh2+ 44. Kf3 Kh8 45. Kf4 Rg8 46. Ke5 Qxg3+ 47. Kxe6 f4 48. b7 Qg4+ 49. Kd6 Rd8+ 50. Kc5 Qd7 51. Ra7 fxe3 52. Kb6 Qe6+ 53. Kb5 Qd5+ 54. Kb6 Qe6+ 55. Kb5 h5 56. Nb6 Qe5+ 57. Ka6 Rb8 58. Ra8 Qc7 59. Rxb8+ Qxb8 60. Nc4 h4 61. Nxe3 h3 62. Nf1 Kg7 63. a4 Kf7 64. a5 Ke7 65. Kb6 Qd6+ 66. Ka7 Qc5+ 67. Ka6 Qc7 0-1